1128 1978 1190 1483 1254 1283 1964 1071 1373 1170 1714 1282 1690 1811 1333 1380 1175 1081 1408 1822 1550 1775 1312 1294 1465 1444 1234 1295 1380 1342 1794 1175 1079 1335 1822 1149 1262 1886 1772 1259 1645 1415 1429 1802 1817 1523 1867 1580 1956 1433 1071 1150 1508 1908 1216 1516 1871 1740 1643 1109 1686 1070 1331 1498 1565 1064 1515 1969 1251 1302 1042 1328 1751 1213 1610 1853 1956 1848 1573 1573 1277 1773 1853 1815 1617 1572 1936 1574 1968 1079 1109 1873 1855 1351 1065 1565 1562 1135 1079 BCNSPRNW ULIB Ver.6.0+V

เปลี่ยนเป็นภาษาไทย

Change to English
 แสดงรายละเอียดบรรณานุกรม
  กลับหน้าหลัก

Brief Record : Get Marc (ISO 2709) : E-mail record : QR code < ปิดหน้าต่าง
LEADER : 00000nam 2200000uu 4500
001    13399127518
003     ULIB
008    201224s2563||||th 000 0 tha d
020    ^a9786161112394
060  0 ^aWY159 พ239ก^cล.3
245    ^aการพยาบาลเด็ก เล่ม3 (ฉบับปรับปรุง)/บรรณาธิการโดย พรทิพย์ ศิริบูรณ์พิพัฒนา
250    ^aพิมพ์ครั้งที่ 4
260    ^aนนทบุรี :^bโครงการสวัสดิการวิชาการ สถาบันพระบรมราชชนก,^c2563
300    ^a448 หน้า;^b26 ซม.
650    ^aการพยาบาลเด็ก
700 0  ^aพรทิพย์ ศิริบูรณ์พิพัฒนา, บรรณาธิการ
700 0  ^aพิศมัย อุบลศรี
700 0  ^aยุพา ทิพย์อลงกต
700 0  ^aวิมลพรรณ สังข์สกุล
700 0  ^aวรรณฤดี เชาว์ศรีกุล
945    ^p270^l0^i007191
945    ^p270^l0^i007192
945    ^p270^l0^i007193
945    ^p270^l0^i007194
945    ^p270^l0^i007195
945    ^p270^l0^i007196
945    ^p270^l0^i007197
945    ^p270^l0^i007198
945    ^p270^l0^i007199
945    ^p270^l0^i007200
945    ^p270^l0^i007201
999    ^aประนอม เกษจรัล
รายการนี้ยังไม่มีแท็ก
คุณยังไม่ได้ล็อกอิน คุณสามารถมีกิจกรรมร่วมกับเว็บไซต์ได้ แต่ต้องล็อกอินก่อน ::
  ล็อกอิน

รายการสื่อสารสนเทศ

ลำดับที่ ประเภท เลขเรียก/บาร์โค้ด สถานที่ สถานะ
1. Book การพยาบาล
หนังสือสำรอง
สถานะ=หนังสือสำรอง
WY159 พ239ก ล.3 ฉ.1 
  Barcode: 007191
ห้องสมุดวิทยาเขตสวรรค์ประชารักษ์
►หนังสือทั่วไป
ถูกยืม กำหนดส่งวันที่ 6 กุมภาพันธ์ 2569
  จอง
2. Book การพยาบาล
Book การพยาบาล
WY159 พ239ก ล.3 ฉ.10 
  Barcode: 007200
ห้องสมุดวิทยาเขตสวรรค์ประชารักษ์
►หนังสือทั่วไป
บนชั้น
3. Book การพยาบาล
Book การพยาบาล
WY159 พ239ก ล.3 ฉ.11 
  Barcode: 007201
ห้องสมุดวิทยาเขตสวรรค์ประชารักษ์
►หนังสือทั่วไป
บนชั้น
4. Book การพยาบาล
Book การพยาบาล
WY159 พ239ก ล.3 ฉ.2 
  Barcode: 007192
ห้องสมุดวิทยาเขตสวรรค์ประชารักษ์
►หนังสือทั่วไป
ถูกยืม กำหนดส่งวันที่ 1 ธันวาคม 2568
  จอง
5. Book การพยาบาล
Book การพยาบาล
WY159 พ239ก ล.3 ฉ.3 
  Barcode: 007193
ห้องสมุดวิทยาเขตสวรรค์ประชารักษ์
►หนังสือทั่วไป
บนชั้น
6. Book การพยาบาล
Book การพยาบาล
WY159 พ239ก ล.3 ฉ.4 
  Barcode: 007194
ห้องสมุดวิทยาเขตสวรรค์ประชารักษ์
►หนังสือทั่วไป
บนชั้น
7. Book การพยาบาล
Book การพยาบาล
WY159 พ239ก ล.3 ฉ.5 
  Barcode: 007195
ห้องสมุดวิทยาเขตสวรรค์ประชารักษ์
►หนังสือทั่วไป
บนชั้น
8. Book การพยาบาล
Book การพยาบาล
WY159 พ239ก ล.3 ฉ.6 
  Barcode: 007196
ห้องสมุดวิทยาเขตสวรรค์ประชารักษ์
►หนังสือทั่วไป
บนชั้น
9. Book การพยาบาล
Book การพยาบาล
WY159 พ239ก ล.3 ฉ.7 
  Barcode: 007197
ห้องสมุดวิทยาเขตสวรรค์ประชารักษ์
►หนังสือทั่วไป
บนชั้น
10. Book การพยาบาล
Book การพยาบาล
WY159 พ239ก ล.3 ฉ.8 
  Barcode: 007198
ห้องสมุดวิทยาเขตสวรรค์ประชารักษ์
►หนังสือทั่วไป
บนชั้น
11. Book การพยาบาล
Book การพยาบาล
WY159 พ239ก ล.3 ฉ.9 
  Barcode: 007199
ห้องสมุดวิทยาเขตสวรรค์ประชารักษ์
►หนังสือทั่วไป
บนชั้น

รายการใกล้เคียง
    ชื่อเรื่อง [การพยาบาลเด็ก เล่ม3 (ฉบับปรับปรุง)/บรรณาธิการโดย พรทิพย์ ศิริบูรณ์พิพัฒนา]

    หัวเรื่อง [การพยาบาลเด็ก]

BibComment


ยังไม่เคยถูกคอมเมนท์

คอมเมนท์ทรัพยากรรายการนี้
  คอมเมนท์: การพยาบาลเด็ก เล..


 Copyright 2026. Bcnsprnw @Library